Arte de proyectar en arquitectura: fundamentos, normas y prescripciones sobre construcción, dimensiones de edificios, localesd y utensilios, instalaciones, distribución y programas de necesidades
Պահպանված է:
| Հիմնական հեղինակ: | |
|---|---|
| Ձևաչափ: | Գիրք |
| Լեզու: | իսպաներեն |
| Հրապարակվել է: |
Barcelona
Gustavo Gili
1993
|
| Հրատարակություն: | 13a. ed |
| Խորագրեր: | |
| Ցուցիչներ: |
Ավելացրեք ցուցիչ
Չկան պիտակներ, Եղեք առաջինը, ով նշում է այս գրառումը!
|
MARC
| LEADER | 00000nam a2200000 a 4500 | ||
|---|---|---|---|
| 001 | UCY1170 | ||
| 003 | CL-VaPUC | ||
| 008 | 940823e19930000SP |||||||||||||||||spa|d | ||
| 082 | 0 | 4 | |a 690.02 |b NEU |2 21 |
| 100 | |a Neufert, Ernst |e autor |9 303124 | ||
| 245 | 1 | 0 | |a Arte de proyectar en arquitectura: fundamentos, normas y prescripciones sobre construcción, dimensiones de edificios, localesd y utensilios, instalaciones, distribución y programas de necesidades |
| 250 | |a 13a. ed | ||
| 300 | |a 537 p | ||
| 942 | |c BK | ||
| 945 | |d 19940823 00:00:00 |a oaravena | ||
| 260 | |a Barcelona |b Gustavo Gili |c 1993 | ||
| 650 | 0 | |a Construcción |9 260195 | |
| 650 | 0 | |a Manuales |9 257144 | |
| 650 | 0 | |a Arquitectura |9 804558 | |
| 650 | 7 | |a DISEÑOS Y PLANOS |2 CL-VaPUC |9 262672 | |
| 650 | 7 | |a NORMAS INGENIERIA |2 CL-VaPUC |9 260507 | |
| 583 | |a last modification |c 19940823 00:00:00 |k Rodrigo Vera | ||
| 999 | |c 229956 |d 229954 | ||
| 952 | |0 0 |1 0 |4 0 |6 690_020000000000000_NEU_1993 |7 0 |8 F |9 231713 |a BIBARQ |b BIBARQ |d 2019-11-15 |i 3002349 |l 1 |o 690.02 NEU 1993 |p 3002349 |r 2025-01-20 |s 2023-05-05 |w 2019-11-15 |y BK_F |k ARQ | ||